Statistics for Every 90+ Rated Gold Player in EA Sports FIFA Ultimate Team History

Click here to take the quiz!

General Stats

  • This quiz has been taken 420 times
    (332 since last reset)
  • The average score is 22 of 34

Answer Stats

FIFAPlayer#% Correct
FIFA 12Cristiano Ronaldo12
100%
FIFA 11Lionel Messi13
100%
FIFA 21Kylian Mbappé3
95%
FIFA 16Neymar Júnior7
93%
FIFA 17Robert Lewandowski6
87%
FIFA 18Kevin De Bruyne6
86%
FIFA 23Karim Benzema1
84%
FIFA 15Manuel Neuer7
84%
FIFA 12Andrés Iniesta2
80%
FIFA 16Luis Suárez4
80%
FIFA 12Xavi Hernández2
79%
FIFA 19Luka Modrić2
75%
FIFA 20Virgil van Dijk3
75%
FIFA 19Thibaut Courtois2
73%
FIFA 18Sergio Ramos2
72%
FIFA 20Mohamed Salah3
69%
FIFA 18Toni Kroos2
67%
FIFA 15Zlatan Ibrahimović2
65%
FIFA 12Arjen Robben3
64%
FIFA 18Eden Hazard3
60%
FIFA 13Franck Ribery2
60%
FIFA 19Harry Kane2
60%
FIFA 19Jan Oblak4
60%
FIFA 17Gareth Bale1
59%
FIFA 21Sadio Mané1
59%
FIFA 20Marc-André ter Stegen3
57%
FIFA 21Alisson Becker1
52%
FIFA 17David de Gea3
52%
FIFA 22N'Golo Kanté1
49%
FIFA 17Jérôme Boateng1
32%
FIFA 19Giorgio Chiellini1
31%
FIFA 14Radamel Falcao1
30%
FIFA 18Gonzalo Higuaín1
25%
FIFA 19Diego Godín1
17%

Score Distribution

Percentile by Number Answered

Percent of People with Each Score

Your Score History

You have not taken this quiz since the last reset